01010nam a2200265 i 4500003000900000005001700009007000300026008004100029040003000070082000700100110002600107245015900133250001900292264003800311300002500349336002700374337003300401338002800434490002300462590002700485910001400512942001300526952018800539999001700727DO-SdBNP20240521100156.0ta240521s1992 dr 000 0 spa d aDO-SdBNPbspacBNPHUerda 2221 aPlan Educativo95650114aPropuesta para incrementar la cobertura y mejorar la calidad de la educación inicial dominicana y la formación de educadores de este nivel educativo / a18a. edición 1aSanto Domingo :bImpretur,c1992. a29 páginasc21 cm. 2rdacontentatextobtxt 2rdamediaasin mediaciónbn 2rdacarrieravolumenbnc1 aPlan educativov18 aInventariado, 2024/ YL aYLockward 2ddccLF2 00102ddc51708PD-FaBNPHUbBNPHUcCTd2023-03-01eDonación l0oBNPHU F-PDp2024-3071r2024-05-21w2024-05-21yLF2zPerteneció a la biblioteca personal de Emilio Cordero Michel c56706d56706